000 00547cam a22001931 4500
001 sa 64007495
003 DLC
005 20260227112047.0
008 890403q io c 000 0 ind
010 _asa 64007495
035 _a(OCoLC)23570111
040 _aDLC
_cMiU
_dDLC
042 _apremarc
050 0 0 _aDS644
_b.2 1964.S9
100 0 _aSoekarno,
_d1901-1970.
245 1 0 _aTudjuan revolusi Indonesia paralel dengan tudjuan agama Kristen.
260 _a[Djakarta]
_bDepartemen Penerangan
_c[cover 1964]
300 _a15 p.
_bport.
_c21 cm.
999 _c60292
_d60292